Kompetence pedagoga volného času

Bibliographic Details
Main Author: Nádvorníková, Hana (Author)
Format: Article
Language:Slovak
Czech
ISSN:0139-6919
Subjects:

MARC

LEADER 00000nab a2200000 a 4500
001 vtls000796172
003 SK-MaSNL
005 20260304113844.0
008 250429c2002 xo 0 slo
015 |a SNBRB2002/05-18003 
035 |a CLN000147827 
035 |a urn:nbn:sk:snk-abd4c0 
035 |a (urnnbn)urn:nbn:sk:snk:ar-007ep1 
035 |a (uuid)980c8e73-110e-493c-ba69-2146d064fb3f 
040 |a SNKBUCL  |b slo  |c SNKBUCL  |e AACR2 
041 0 |a cze 
044 |a xo  |c SK 
080 |a 374.311.24:379.8  |2 1997 
100 1 |a Nádvorníková, Hana  |4 aut  |9 1080711 
245 1 0 |a Kompetence pedagoga volného času  |c Hana Nádvorníková 
650 0 7 |a pedagógovia voľného času  |x kompetencie  |2 snkbucl  |9 1417735 
655 7 |a články z novín a časopisov  |2 snkbucl  |9 267496 
773 0 |t Vychovávateľ  |g Roč. 47, č. 9 (2002), s. 9-10  |x 0139-6919 
850 |a Slovenská národná knižnica 
852 |a Slovenská národná knižnica 
958 |a article17 
958 |a OND 
958 |a SK 
958 |a EUIPO 
992 |a RBX 
999 |c 2871007  |d 2872937